Largest Islands that Touch the Equator - Statistics

General Stats
  • This quiz has been taken 19 times
  • The average score is 3 of 6
Answer Stats
Area (km) Answer Area (Miles) % Correct
748,168 Borneo 288,869
100%
473,481 Sumatra 182,812
100%
174,600 Sulawesi 67,143
89%
17,780 Halmahera 6,860
22%
4,640 Isabela 1,790
17%
889 Lingga 343
17%
No matching quizzes found
Score Distribution
Percent of People with Each Score
Percentile by Number Answered
Your Score History
You have not taken this quiz